| 000 | 00817nam a2200253 i 4500 | ||
|---|---|---|---|
| 001 | 15428 | ||
| 003 | ES-MaACL | ||
| 005 | 20230906151055.0 | ||
| 007 | t| | ||
| 008 | 000308s1999 sp ||||1| spa d | ||
| 020 | _a84-8109-227-4 (Galaxia Gutenberg) | ||
| 020 | _a84-226-7529-3 (Círculo de Lectores) | ||
| 080 | _a504.06 | ||
| 100 | 1 |
_aPastor, Xavier. _989493 |
|
| 245 | 1 | 0 |
_aEn defensa del medio ambiente _b: las propuestas de Greenpace / _cXavier Pastor. |
| 250 | _a1ª ed. | ||
| 260 |
_aBarcelona : _bGalaxia Gutenberg : _bCírculo de Lectores, _c1999. |
||
| 300 |
_a191 p. ; _c21 cm. |
||
| 490 | 1 | _aDesafíos de nuestro tiempo | |
| 650 | 1 | 4 |
_aMedio ambiente- _xProtección. _914959 |
| 830 | 0 |
_aDesafíos de nuestro tiempo _9179769 |
|
| 852 |
_aES-MaACL _jL-22536 _bR.127834 |
||
| 999 |
_c15428 _d15428 |
||